| 000 | 00441nam a22001577a 4500 | ||
|---|---|---|---|
| 005 | 20251108164727.0 | ||
| 008 | 250721s1986 xx 000 0 ara d | ||
| 082 | 1 | 4 | _a614.88/إسع |
| 245 | 1 | 0 | _aالإسعافات الأولية / |
| 264 | 1 |
_aالرياض : _bدار المريخ للنشر، _c1986. |
|
| 300 | _a39ص | ||
| 490 | 0 | _aدليلك سيدتي | |
| 650 | 1 | 7 | _aالإسعاف الأولي |
| 942 |
_2ddc _cBK |
||
| 999 |
_c12873 _d12873 |
||